00269nam a2200121Ia 4500100001800000650001200018654002000030245002800050260003900078082001000117300000800127546001200135 aDavis/ Keith  aGeneral aHuman behaviour aHuman behaviour at work bTata Mc Graw hillaNew Delhic1982 a658.3 a582 aENGLISH